000 00815naa a2200229 4500
001 45605
003 ES-MaCES
005 20150925133438.0
008 000000s2013 sp ||||| t||||||| ||spa d
040 _aES-MaCES
_bspa
_cES-MaCES
245 0 3 _aLa empresa del siglo XXI
650 4 _930146
_aresponsabilidad del empleador
650 4 _928270
_acompetitividad
650 4 _928378
_aparticipación de los trabajadores
650 4 _927136
_acooperativa
650 4 _930173
_apequeña empresa
653 1 0 _aEmpresa
650 4 _928178
_aempresa
773 0 _981994
_dMadrid (Fuencarral, 127, 28010) Iniciativas editoriales Sistema 1994-
_o084899
_tTemas para el debate
_w(ES-MaCES)25480
_gn. 222 (mayo 2013) {10474 R. 084899} ; 56 p.
902 _aMON Monográfico de revista
942 _2CES
_cAR
_h0.0.
999 _c45605
_d45605